LEADER 01019cam0 22002413 450 001 SOB0000001465 005 20230726100016.0 100 $a20010207f0000 |||||ita|0103 ba 101 $aita 102 $aIT 200 1 $a<>vocazione del nostro secolo per la riforma e la codificazione del diritto delle genti e per l'ordinamento di una giustizia internazionale$fP. S. Mancini 210 $as.n.t.$cS.E. 215 $a58 p.$d29 cm 700 1$aMancini$b, Pasquale Stanislao$3AF00004597$4070$0446854 801 0$aIT$bUNISOB$c20230726$gRICA 850 $aUNISOB 852 $aUNISOB$j340|Coll|5|K$m53267 912 $aSOB0000001465 940 $aM 102 Monografia moderna SBN 941 $aM 957 $a340|Coll|5|K$b000039$gSI$d53267$rACQUISTO$1Alfano$2UNISOB$3UNISOB$420230704101918.0$520230726095933.0$6Alfano$fFotocopia dell'originale 996 $aVocazione del nostro secolo per la riforma e la codificazione del diritto delle genti e per l'ordinamento di una giustizia internazionale$91678724 997 $aUNISOB